00376nam a2200109Ia 4500008004100000245013100041260004900172260000900221300001000230500001000240650001600250170224s9999 xx 000 0 und d aI don’t want the money, I just want your time: How moral identity overcomes the aversion to giving time to prosocial causes. bJournal of Personality and Social Psychology c2016 a110:3 aMarch xPsychology.